| 000 | 00446nam a2200121Ia 4500 | ||
|---|---|---|---|
| 008 | 220216s9999 xx 000 0 und d | ||
| 100 | _aHo K S | ||
| 245 | 0 | _aPrimary processing: Sawing and peeling of rubberwood | |
| 260 |
_bIn: Rubberwood Processing and Utilization [Eds. Hong, L.T and Sim, H.C] 1994, Forest Research Institute of Malaysia, Kuala Lumpur, Malaysia, pp.61-84. _c1994 |
||
| 650 | _aWood processing | ||
| 700 | _aAli R | ||
| 942 | _cBO | ||
| 999 |
_c48253 _d48253 |
||